The origins of British sociology (Record no. 52940)

MARC details
000 -LEADER
fixed length control field 00503nam a2200145 a 4500
008 - FIXED-LENGTH DATA ELEMENTS--GENERAL INFORMATION
fixed length control field 120416s1968 ||||||||||||||||| || u
050 ## - LIBRARY OF CONGRESS CALL NUMBER
Classification number HM 22.G7 Abr
100 ## - MAIN ENTRY--PERSONAL NAME
Personal name Abrahams, Phili
245 14 - TITLE STATEMENT
Title The origins of British sociology
246 ## - VARYING FORM OF TITLE
Title proper/short title 1834-1914
260 ## - PUBLICATION, DISTRIBUTION, ETC.
Place of publication, distribution, etc. Chicago
Name of publisher, distributor, etc. University of Chicago
Date of publication, distribution, etc. 1968
300 ## - PHYSICAL DESCRIPTION
Extent x, 304p. : ill
350 ## - PRICE (NR) (BK AM CF MU VM SE) [OBSOLETE]
Price 0.00
995 ## - RECOMMENDATION 995 [LOCAL, UNIMARC FRANCE]
-- 0.00
-- CBU-MAIN LIBRARY (Kitwe)
-- 1
-- 0.00
-- 1
-- DAMAGED
-- Main Library Open Access Collection
Holdings
Withdrawn status Lost status Source of classification or shelving scheme Damaged status Not for loan Home library Current library Shelving location Date acquired Total Checkouts Full call number Barcode Date last seen Price effective from Koha item type
          CBU-MAIN LIBRARY, KITWE. CBU-MAIN LIBRARY, KITWE.   11/30/2022   HM 22.G7 Abr 008446 11/30/2022 11/30/2022 MONOGRAPH